000 00551nam a2200217Ia 4500
003 OSt
005 20230612105232.0
008 210423s2011 xx 000 0 und d
020 _a9789350516676
040 _cAL
041 _aeng
082 _a368 REJG
_223
100 _aREJDA (George E).
_992714
245 _aPrinciples of risk management and insurance.
250 _a10
260 _aNew Delhi
_bPearson
_c2011
300 _axx,748
_bPB
365 _b699
_cINR
906 _ainsurance. ; management ; Principles ; risk
942 _2ddc
_cBK
999 _c161653
_d161653